| 000 | 00824nam a2200217 a 4500 | ||
|---|---|---|---|
| 008 | 120416s1985 ||||||||||||||||| || u | ||
| 020 | _a071316235X | ||
| 050 | _aGF 125 Car | ||
| 100 | _aCarter, Harold | ||
| 245 | 1 | 4 | _aThe Study of urban geography |
| 250 | _a3rd ed. | ||
| 260 |
_aLondon _bEdward Arnold _c1985 |
||
| 300 | _axiv, 434p. : ill. | ||
| 350 | _a0.00 | ||
| 500 | _aIncludes bibliographies and indexes. | ||
| 650 | 0 | _aHUMAN ECOLOGY | |
| 650 | 0 | _aURBAN GEOGRAPHY | |
| 650 | _aGEOGRAPHY | ||
| 995 |
_aMAIN LIBRARY OPEN ACCESS _D0.00 _e708073 _FCBU-MAIN LIBRARY (Kitwe) _H1 _I9.95 _jGF 125 Car _M1 _UAVAILABLE _y002496 _ZMain Library Open Access Collection |
||
| 995 |
_aMAIN LIBRARY OPEN ACCESS _D0.00 _e706921 _FCBU-MAIN LIBRARY (Kitwe) _H2 _I9.95 _jGF 125 Car _M2 _UAVAILABLE _y002497 _ZMain Library Open Access Collection |
||
| 999 |
_c80772 _d80772 |
||